Nursing care plans : (Record no. 80662)

MARC details
000 -LEADER
fixed length control field 00908nam a22002657a 4500
003 - CONTROL NUMBER IDENTIFIER
control field URS
005 - DATE AND TIME OF LATEST TRANSACTION
control field 20250819170056.0
008 - FIXED-LENGTH DATA ELEMENTS--GENERAL INFORMATION
fixed length control field 240704b |||||||| |||| 00| 0 eng d
040 ## - CATALOGING SOURCE
Transcribing agency URS
Language of cataloging English
Description conventions rda
050 00 - LIBRARY OF CONGRESS CALL NUMBER
Classification number RT49
Item number .C385 2014
100 ## - MAIN ENTRY--PERSONAL NAME
Personal name Carpenito, Lynda Juall,
Relator term author.
245 10 - TITLE STATEMENT
Title Nursing care plans :
Remainder of title transitional patient & family centered care /
Statement of responsibility, etc Lynda Juall Carpenito.
250 ## - EDITION STATEMENT
Edition statement 6th ed.
260 ## - PUBLICATION, DISTRIBUTION, ETC. (IMPRINT)
Place of publication, distribution, etc Philadelphia :
Name of publisher, distributor, etc Wolters Kluwer Health,
Date of publication, distribution, etc ©2014.
300 ## - PHYSICAL DESCRIPTION
Extent xvi, 853 pages ;
Dimensions 28 cm.
504 ## - BIBLIOGRAPHY, ETC. NOTE
Bibliography, etc Includes bibliographical references and index.
650 #0 - SUBJECT ADDED ENTRY--TOPICAL TERM
Topical term or geographic name as entry element Nursing care plans
Form subdivision Handbooks, manuals, etc.
650 #0 - SUBJECT ADDED ENTRY--TOPICAL TERM
Topical term or geographic name as entry element Patient Care Planning
Form subdivision Handbooks.
650 #0 - SUBJECT ADDED ENTRY--TOPICAL TERM
Topical term or geographic name as entry element Patient care planning.
9 (RLIN) 4279
650 #0 - SUBJECT ADDED ENTRY--TOPICAL TERM
Topical term or geographic name as entry element Nursing process.
9 (RLIN) 1100
650 #0 - SUBJECT ADDED ENTRY--TOPICAL TERM
Topical term or geographic name as entry element Family nursing.
9 (RLIN) 5848
650 #0 - SUBJECT ADDED ENTRY--TOPICAL TERM
Topical term or geographic name as entry element Transitional care.
9 (RLIN) 5849
650 #0 - SUBJECT ADDED ENTRY--TOPICAL TERM
Topical term or geographic name as entry element Nursing records.
9 (RLIN) 5850
942 ## - ADDED ENTRY ELEMENTS (KOHA)
Source of classification or shelving scheme Library of Congress Classification
Koha item type Foreign Books
Holdings
Withdrawn status Lost status Source of classification or shelving scheme Damaged status Not for loan Collection code Home library Current library Shelving location Date acquired Source of acquisition Total Checkouts Full call number Barcode Date last seen Copy number Koha item type
    Library of Congress Classification     Non-fiction Taytay College Library Taytay College Library Nursing Collection 07/04/2024 Donation   RT49 .C385 2014 URSTAY-5592 06/05/2025 1 Foreign Books
    Library of Congress Classification     Non-fiction Taytay College Library Taytay College Library Nursing Collection 07/04/2024 Donation   RT49 .C385 2014 URSTAY-5593 06/30/2025 2 Foreign Books

University of Rizal System
Email us at univlibservices@urs.edu.ph

Visit our Website www.urs.edu.ph/library